<?xml version="1.0" encoding="UTF-8"?>
<record
    xmlns:xsi="http://www.w3.org/2001/XMLSchema-instance"
    xsi:schemaLocation="http://www.loc.gov/MARC21/slim http://www.loc.gov/standards/marcxml/schema/MARC21slim.xsd"
    xmlns="http://www.loc.gov/MARC21/slim">

  <leader>00803nam a2200229 a 4500</leader>
  <controlfield tag="001">BRCA_5255</controlfield>
  <controlfield tag="005">20190320205014.0</controlfield>
  <controlfield tag="008">301110s1939----sz-a######---#000-0#ger-#</controlfield>
  <datafield tag="041" ind1=" " ind2=" ">
    <subfield code="a">ger</subfield>
  </datafield>
  <datafield tag="044" ind1=" " ind2=" ">
    <subfield code="a">sz</subfield>
  </datafield>
  <datafield tag="050" ind1=" " ind2="4">
    <subfield code="a">ND623.L4</subfield>
    <subfield code="b">.N53 1939</subfield>
  </datafield>
  <datafield tag="100" ind1="1" ind2=" ">
    <subfield code="a">Nicodemi, Giorgio</subfield>
    <subfield code="9">13462</subfield>
  </datafield>
  <datafield tag="245" ind1="1" ind2="0">
    <subfield code="a">Leonardo da Vinci</subfield>
    <subfield code="b">Gem&#xE4;lde, Zeichnungen, Studien</subfield>
    <subfield code="c">herausgegeben von Giorgio Nicodemi.</subfield>
  </datafield>
  <datafield tag="260" ind1=" " ind2=" ">
    <subfield code="a">Z&#xFC;rich, Suiza</subfield>
    <subfield code="b">Fretz &amp; Wasmuth</subfield>
    <subfield code="c">c1939</subfield>
  </datafield>
  <datafield tag="300" ind1=" " ind2=" ">
    <subfield code="a">47 p.</subfield>
    <subfield code="b">il. (algunas a color), 168 l&#xE1;minas</subfield>
    <subfield code="c">24 cm.</subfield>
  </datafield>
  <datafield tag="500" ind1=" " ind2=" ">
    <subfield code="a">Incluye &#xED;ndice de ilustraciones, gu&#xED;a de las principales obras de Leonardo Da Vinci, &#xED;ndice de fotograf&#xED;as e &#xED;ndice de grabados</subfield>
  </datafield>
  <datafield tag="500" ind1=" " ind2=" ">
    <subfield code="a">E74</subfield>
  </datafield>
  <datafield tag="600" ind1="1" ind2="4">
    <subfield code="a">Leonardo da Vinci</subfield>
    <subfield code="d">1452-1519</subfield>
    <subfield code="9">13463</subfield>
  </datafield>
  <datafield tag="650" ind1="1" ind2="4">
    <subfield code="a">Pintores italianos</subfield>
    <subfield code="9">7654</subfield>
  </datafield>
  <datafield tag="902" ind1=" " ind2=" ">
    <subfield code="a">GFM</subfield>
  </datafield>
  <datafield tag="942" ind1=" " ind2=" ">
    <subfield code="2">lcc</subfield>
    <subfield code="c">B</subfield>
  </datafield>
  <datafield tag="999" ind1=" " ind2=" ">
    <subfield code="c">4949</subfield>
    <subfield code="d">4949</subfield>
  </datafield>
  <datafield tag="952" ind1=" " ind2=" ">
    <subfield code="0">0</subfield>
    <subfield code="1">0</subfield>
    <subfield code="4">0</subfield>
    <subfield code="7">0</subfield>
    <subfield code="a">BRCA</subfield>
    <subfield code="b">BRCA</subfield>
    <subfield code="d">2010-11-30</subfield>
    <subfield code="i">E74</subfield>
    <subfield code="l">0</subfield>
    <subfield code="o">ND623.L4 .N53 1939 (E74)</subfield>
    <subfield code="p">5690</subfield>
    <subfield code="r">2019-03-22 00:00:00</subfield>
    <subfield code="w">2019-03-22</subfield>
    <subfield code="y">B</subfield>
  </datafield>
</record>
